header

Life on wheels (Record no. 916)

MARC details
000 -LEADER
fixed length control field 01616nam a22003734a 4500
082 04 - DEWEY DECIMAL CLASSIFICATION NUMBER
Classification number 616.8/42
100 1# - MAIN ENTRY--AUTHOR NAME
Personal name Karp, Gary,
245 10 - TITLE STATEMENT
Title Life on wheels
250 ## - EDITION STATEMENT
Edition statement 2nd ed.
260 ## - PUBLICATION, DISTRIBUTION, ETC. (IMPRINT)
Place of publication New York, NY :
Name of publisher Demos Health ;
Place of publication [Berkeley, Calif.] :
Name of publisher Distributed by Publishers Group West,
Year of publication c2009.
300 ## - PHYSICAL DESCRIPTION
Number of Pages xvii, 477 p. :
Other physical details ill.
505 0# - FORMATTED CONTENTS NOTE
Formatted contents note Rehabilitation -- Healthy disability -- The experience of disability -- Wheelchair selection -- Intimacy, sex, and babies -- Spinal cord research -- Home access -- Getting out there.
650 #0 - SUBJECT ADDED ENTRY--TOPICAL TERM
Topical Term Paraplegia
Topical Term Paraplegics
Topical Term Wheelchairs.
Topical Term Paralysis
856 40 - ELECTRONIC LOCATION AND ACCESS
Uniform Resource Identifier http://site.ebrary.com/lib/rucke/Doc?id=10288128

No items available.

© 2026 Rongo University
Contact us: librarian | system librarian | Rongo university